[Event "Tournoi Skype 020A"]
[Site "Skype"]
[Date "????.??.??"]
[Round "5.2"]
[White "Benson, Paul"]
[Black "Rico Hernandez, Edgar"]
[Result "1/2-1/2"]
[WhiteElo "2059"]
[BlackElo "1884"]
[PlyCount "80"]

1. e4 c6 2. Nc3 d5 3. Nf3 dxe4 4. Nxe4 Bf5 5. Ng3 Bg6 6. h4 h6 7. Ne5 Bh7 8.
Qh5 g6 9. Bc4 e6 10. Qe2 Qc7 11. d4 Bg7 12. Bd2 Nf6 13. O-O-O Nd5 14. f4 Nd7
15. Ne4 Rf8 16. Bb3 a5 17. c4 N5f6 18. Rh3 Nxe4 19. Qxe4 h5 20. Bc2 Rh8 21. Qe2
Bf6 22. Be4 Be7 23. g4 hxg4 24. Rhh1 Nf6 25. Bg2 Bg8 26. Nxg4 Nxg4 27. Qxg4 Bf6
28. Be1 Qd8 29. Bf2 Qd6 30. h5 gxh5 31. Rxh5 O-O-O 32. Rxh8 Bxh8 33. c5 Qd7 34.
Qh4 Bg7 35. Qg5 f6 36. Qg6 Qf7 37. Qe4 f5 38. Qe3 Bf6 39. Kc2 Bh7 40. Rd2 Rg8
1/2-1/2

[Event "Tournoi Skype 020A"]
[Site "Skype"]
[Date "????.??.??"]
[Round "5.3"]
[White "Ricieri, Vinicius"]
[Black "Deville, Olivier"]
[Result "1/2-1/2"]
[WhiteElo "1818"]
[BlackElo "2010"]
[PlyCount "71"]

1. e4 c5 2. Nf3 d6 3. d3 g6 4. g3 Bg7 5. Bg2 Nc6 6. c3 e6 7. O-O Nge7 8. Nbd2
O-O 9. a4 Qc7 10. Nc4 b6 11. Bf4 e5 12. Bg5 h6 13. Bxe7 Qxe7 14. Ne3 Be6 15.
Nd2 Qd7 16. f4 Bh3 17. f5 Bxg2 18. Kxg2 g5 19. h4 f6 20. hxg5 hxg5 21. Rh1 Qf7
22. Qg4 Rfd8 23. Rh2 Ne7 24. c4 Kf8 25. Rah1 a6 26. Nd5 Nxd5 27. cxd5 b5 28.
Ra1 Ke7 29. axb5 axb5 30. Rxa8 Rxa8 31. Qd1 Qe8 32. g4 Qd7 33. Kg3 Qa7 34. Qh1
Qa1 35. Qxa1 Rxa1 36. b3 1/2-1/2

[Event "Tournoi Skype 020A"]
[Site "Skype"]
[Date "????.??.??"]
[Round "5.4"]
[White "Hilton, Stephen"]
[Black "Alvarez, Juan Evangelista"]
[Result "1-0"]
[WhiteElo "1885"]
[BlackElo "1434"]
[PlyCount "89"]

1. d4 d5 2. Bf4 Bf5 3. Nd2 e6 4. e3 Bd6 5. Bg3 Nc6 6. c3 e5 7. dxe5 Nxe5 8.
Ndf3 Nxf3+ 9. Nxf3 Bxg3 10. hxg3 Qd6 11. Qd4 Nf6 12. Be2 c5 13. Bb5+ Bd7 14.
Qa4 O-O 15. Bxd7 Nxd7 16. Qh4 Nf6 17. g4 h6 18. g5 Nh7 19. gxh6 gxh6 20. Qxh6
Qxh6 21. Rxh6 Kg7 22. Rd6 Nf6 23. O-O-O Rfd8 24. Rxd8 Rxd8 25. c4 d4 26. exd4
Ne4 27. dxc5 Rxd1+ 28. Kxd1 Nxf2+ 29. Ke2 Ng4 30. Kd3 Kf6 31. Kd4 Ke7 32. b4
Nf6 33. a4 Nd7 34. Ne5 Nb8 35. b5 f6 36. Ng6+ Kd7 37. Nf4 a6 38. Kd5 axb5 39.
cxb5 Kc8 40. a5 Nd7 41. Nd3 Nb8 42. Ke6 Nd7 43. c6 bxc6 44. bxc6 Kc7 45. cxd7
1-0

[Event "Tournoi Skype 020A"]
[Site "Skype"]
[Date "????.??.??"]
[Round "5.5"]
[White "Engstrom, Olle"]
[Black "Loayza, Juan Antonio"]
[Result "0-1"]
[WhiteElo "1791"]
[BlackElo "1877"]
[PlyCount "46"]

1. e4 c5 2. Nf3 d6 3. d4 cxd4 4. Nxd4 Nf6 5. Nc3 a6 6. Be3 e5 7. Nb3 Be6 8. Be2
Nbd7 9. Qd2 Be7 10. O-O-O Rc8 11. f4 O-O 12. f5 Bc4 13. Bxc4 Rxc4 14. Qe2 b5
15. Nd2 Rxc3 16. bxc3 Qa5 17. Kb2 d5 18. Nb3 Ba3+ 19. Kb1 Qxc3 20. Bc1 Bxc1 21.
Kxc1 Qb4 22. Kb2 Nb6 23. exd5 Nc4+ 0-1

[Event "Tournoi Skype 020A"]
[Site "Skype"]
[Date "????.??.??"]
[Round "5.6"]
[White "Montenegro, Juan Carlos"]
[Black "Dal, Ibrahim"]
[Result "0-1"]
[WhiteElo "1737"]
[BlackElo "1869"]
[PlyCount "158"]

1. d4 Nf6 2. c4 e5 3. dxe5 Ng4 4. Nf3 Bc5 5. e3 Nc6 6. Nc3 Ngxe5 7. Nxe5 Nxe5
8. a3 a6 9. b4 Be7 10. Bb2 O-O 11. Nd5 d6 12. Be2 Re8 13. O-O Bf8 14. f4 Nc6
15. Bd3 Be6 16. Rc1 Bxd5 17. Bxh7+ Kxh7 18. Qxd5 Rxe3 19. Qxf7 Qe7 20. Qd5 Nd8
21. f5 c6 22. Qd1 Re2 23. Bd4 Qe4 24. Bf2 Nf7 25. Rc3 Re8 26. Rh3+ Nh6 27. Qd3
Qxd3 28. Rxd3 Nxf5 29. Rf3 Nh6 30. Bg3 Kg8 31. h3 R2e3 32. Kh2 Rxf3 33. Rxf3
Re4 34. Rc3 Nf5 35. Bf2 c5 36. bxc5 dxc5 37. a4 Bd6+ 38. Kg1 Be5 39. Rf3 Nd4
40. Rd3 Kf7 41. Kf1 Ke6 42. g4 Kd6 43. Kg2 Kc6 44. a5 b6 45. axb6 Kxb6 46. Ra3
a5 47. Kf1 Nc2 48. Rb3+ Kc6 49. Rb5 Rxc4 50. Rxa5 Bd4 51. Ra7 Bxf2 52. Kxf2 g6
53. Rg7 Rf4+ 54. Ke2 Rf6 55. Kd3 Ne1+ 56. Kc4 Nf3 57. Rg8 Ne5+ 58. Kc3 Rf3+ 59.
Kc2 Rxh3 60. Re8 Kd6 61. Rd8+ Ke6 62. Rc8 c4 63. Re8+ Kf6 64. g5+ Kf5 65. Re7
Rg3 66. Re8 Rxg5 67. Rf8+ Kg4 68. Rf1 Rf5 69. Rg1+ Kh3 70. Rh1+ Kg2 71. Rd1 g5
72. Rd4 g4 73. Kd1 g3 74. Ke2 Rf2+ 75. Ke3 c3 76. Re4 c2 77. Kd4 Nf3+ 78. Kd3
c1=Q 79. Rg4 Ne5+ 0-1

[Event "Tournoi Skype 020A"]
[Site "Skype"]
[Date "????.??.??"]
[Round "5.8"]
[White "Casey, Eamonn"]
[Black "Karia, Vijay"]
[Result "1/2-1/2"]
[WhiteElo "1691"]
[BlackElo "1820"]
[PlyCount "142"]

1. d4 d5 2. c4 c6 3. cxd5 cxd5 4. Nf3 Nf6 5. Nc3 Nc6 6. h3 a6 7. Bg5 e6 8. e3
Be7 9. Bd3 b5 10. a3 Bb7 11. O-O O-O 12. Rc1 Re8 13. Re1 Na5 14. e4 Nxe4 15.
Bxe7 Rxe7 16. Nxe4 dxe4 17. Bxe4 Nc4 18. Bxb7 Rxb7 19. Qe2 Rc7 20. Red1 Rac8
21. Ne5 Nxe5 22. Rxc7 Rxc7 23. dxe5 Qc8 24. Qd2 h6 25. Qd8+ Qxd8 26. Rxd8+ Kh7
27. Rd6 Rc1+ 28. Kh2 Rc2 29. b4 Rxf2 30. Rxa6 Re2 31. Ra5 Re3 32. Rxb5 Rxa3 33.
Rb7 Kg6 34. Rc7 Rb3 35. Rb7 Re3 36. Rb5 Rd3 37. Rc5 Kf5 38. Rc7 Kg6 39. Rc5 Rd7
40. b5 Kf5 41. b6 Rb7 42. Rb5 Ke4 43. Kg3 Kd4 44. Kf4 Kc4 45. Rb1 Kc5 46. Ke4
Kc6 47. Kd4 Rxb6 48. Rf1 Rb4+ 49. Kc3 Rb7 50. Kc4 Rd7 51. Rf3 Kc7 52. Kc5 Kd8
53. Kc6 Ke7 54. Rxf7+ Kxf7 55. Kxd7 h5 56. h4 g6 57. g3 g5 58. hxg5 Kg6 59.
Kxe6 Kxg5 60. Kf7 Kg4 61. e6 Kxg3 62. e7 h4 63. e8=Q h3 64. Qe3+ Kg2 65. Qe2+
Kg3 66. Qf1 Kh2 67. Kf6 Kg3 68. Kf5 Kh2 69. Qe2+ Kg1 70. Kg4 h2 71. Kg3 h1=N+
1/2-1/2

[Event "Tournoi Skype 020A"]
[Site "Skype"]
[Date "????.??.??"]
[Round "5.9"]
[White "Thoune, Jim"]
[Black "Ibarra Cantu, Raul Alberto"]
[Result "0-1"]
[WhiteElo "1681"]
[BlackElo "2015"]
[PlyCount "88"]

1. d4 Nf6 2. c4 g6 3. Nc3 Bg7 4. e4 d6 5. Bd3 O-O 6. Nge2 Na6 7. f3 c5 8. d5 e6
9. Be3 exd5 10. cxd5 Nc7 11. Qd2 Bd7 12. O-O b5 13. Rac1 b4 14. Nd1 a5 15. Nf2
Re8 16. g4 Bb5 17. Bc4 Nd7 18. Nd3 Bxc4 19. Rxc4 Nb6 20. Rc2 Nb5 21. Nf2 Rc8
22. f4 c4 23. Nd4 Nxd4 24. Bxd4 Bxd4 25. Qxd4 Qc7 26. Rfc1 Qc5 27. Rd1 Na4 28.
Kg2 c3 29. bxc3 Nxc3 30. Rdd2 Qxd4 31. Rxd4 Nb5 32. Rdc4 Rxc4 33. Rxc4 Nc3 34.
a3 Na2 35. axb4 axb4 36. Rc2 Nc3 37. Kf3 Rb8 38. Rb2 b3 39. Ke3 Na4 40. Rb1 b2
41. Nd1 Rb3+ 42. Kd2 Rh3 43. Nxb2 Rxh2+ 44. Kc1 Nc3 0-1

[Event "Tournoi Skype 020A"]
[Site "Skype"]
[Date "????.??.??"]
[Round "5.11"]
[White "Lambert, Pierre"]
[Black "Murolo, Antonio"]
[Result "1-0"]
[WhiteElo "1867"]
[BlackElo "1602"]
[PlyCount "37"]

1. e4 e6 2. d4 d5 3. e5 c5 4. c3 Nc6 5. Nf3 Qb6 6. Be2 Nge7 7. Na3 a6 8. O-O
cxd4 9. cxd4 Ng6 10. Nc2 Be7 11. a3 O-O 12. b4 Bd7 13. h4 Nxh4 14. Nxh4 Bxh4
15. g3 Be7 16. Kg2 Qd8 17. Rh1 g6 18. Qd2 Re8 19. Qh6 1-0

[Event "Tournoi Skype 020A"]
[Site "Skype"]
[Date "????.??.??"]
[Round "5.12"]
[White "Legueltel, Daniel"]
[Black "Leyton Calderon, Jairo Oswaldo"]
[Result "0-1"]
[WhiteElo "1775"]
[BlackElo "1540"]
[PlyCount "86"]

1. d4 Nf6 2. c4 g6 3. Nc3 Bg7 4. e4 d6 5. Be2 O-O 6. Bg5 Nbd7 7. h3 c6 8. Qd2
Re8 9. Nf3 e5 10. d5 c5 11. O-O a6 12. a3 Nb6 13. Nh4 Bd7 14. Bd3 Na4 15. Nxa4
Bxa4 16. b4 Qc7 17. Rab1 cxb4 18. Qxb4 b5 19. cxb5 Bxb5 20. Bxb5 axb5 21. Rfc1
Qa5 22. Rc6 Qxb4 23. Rxb4 Rxa3 24. Rxd6 Bf8 25. Rxf6 Bxb4 26. Rb6 Ra1+ 27. Kh2
Re1 28. d6 Ba5 29. d7 Ra8 30. d8=Q+ Rxd8 31. Bxd8 Bxb6 32. Bxb6 Rxe4 33. Nf3 f6
34. Nd2 Re2 35. Be3 Re1 36. Kg3 Kf7 37. Kf3 f5 38. Nb3 Ke6 39. Bd2 Rb1 40. Na5
Kd5 41. Ke2 f4 42. Kd3 h5 43. Kc2 Rg1 0-1

[Event "Tournoi Skype 020A"]
[Site "Skype"]
[Date "????.??.??"]
[Round "5.13"]
[White "Mulrooney, Justin"]
[Black "Carballo, Jorge"]
[Result "0-1"]
[WhiteElo "1714"]
[BlackElo "1540"]
[PlyCount "103"]

1. d4 d5 2. c4 e6 3. Nc3 Nf6 4. Nf3 c5 5. cxd5 Nxd5 6. e4 Nxc3 7. bxc3 cxd4 8.
Qxd4 Qxd4 9. cxd4 Bb4+ 10. Bd2 Nc6 11. d5 Bxd2+ 12. Nxd2 exd5 13. exd5 Nb4 14.
Bc4 Nc2+ 15. Kd1 Nxa1 16. Re1+ Kd7 17. Re3 a6 18. Kc1 Re8 19. Rg3 b5 20. Bd3 g6
21. Rf3 f5 22. Kb2 Bb7 23. Rh3 Re7 24. Kxa1 Bxd5 25. f3 Rae8 26. a4 Re1+ 27.
Kb2 R8e7 28. axb5 axb5 29. Bxb5+ Kd6 30. g4 fxg4 31. fxg4 Rf7 32. Rd3 Rf2 33.
Bc4 Re5 34. Kc3 Kc5 35. Nb3+ Kc6 36. Nd4+ Kb7 37. Bb5 Rxh2 38. Rd1 Re3+ 39. Kb4
Rb2+ 40. Kc5 Bf3 41. Rf1 Re5+ 42. Kc4 Be2+ 43. Nxe2 Rbxb5 44. Nc3 Rbc5+ 45. Kb4
Rc7 46. Rb1 Kc8 47. Rf1 Rg5 48. Rf8+ Kb7 49. Rf4 h5 50. gxh5 gxh5 51. Ne4 Rg4
52. Nd6+ 0-1

[Event "Tournoi Skype 020A"]
[Site "Skype"]
[Date "????.??.??"]
[Round "5.15"]
[White "Saponara, Jose Maria"]
[Black "Le Brun, Yves"]
[Result "1-0"]
[WhiteElo "1649"]
[BlackElo "1516"]
[PlyCount "85"]

1. e4 d6 2. d4 c6 3. Nf3 Nd7 4. Bd3 e5 5. Nc3 h6 6. Be3 b6 7. Qd2 Ngf6 8. h3
Be7 9. Ne2 Qc7 10. Ng3 Bb7 11. dxe5 Nxe5 12. Nxe5 dxe5 13. O-O-O O-O-O 14. Qe2
g6 15. f3 Nh5 16. Nxh5 gxh5 17. h4 Qd7 18. Bc4 Qe8 19. Bf2 f6 20. a4 Kb8 21.
Be6 Qg6 22. g3 Rd6 23. Bf5 Qf7 24. Kb1 Rhd8 25. Rxd6 Rxd6 26. Qe3 Bf8 27. b3
Bc8 28. Bxc8 Kxc8 29. a5 c5 30. Kb2 Qc7 31. axb6 axb6 32. Ra1 Kb7 33. Qe2 Kc6
34. Be3 Qb7 35. Qc4 Be7 36. Qa4+ Kc7 37. Qe8 Bd8 38. Qf7+ Rd7 39. Qxh5 Rg7 40.
g4 Kc6 41. Qe8+ Qd7 42. Qxd7+ Kxd7 43. h5 1-0

[Event "Tournoi Skype 020A"]
[Site "Skype"]
[Date "????.??.??"]
[Round "5.16"]
[White "Salazar Ticeran, Antonio"]
[Black "Prasad Singh, Ambika"]
[Result "1-0"]
[WhiteElo "1522"]
[BlackElo "1648"]
[PlyCount "39"]

1. e4 c5 2. Nf3 d6 3. Bc4 e6 4. Nc3 Nf6 5. O-O a6 6. d4 b5 7. Bd3 c4 8. Be2 Bb7
9. d5 b4 10. Na4 exd5 11. exd5 Bxd5 12. Bg5 Bc6 13. Re1 Be7 14. Nd4 Bd7 15. b3
Bxa4 16. bxa4 Qc7 17. Bxf6 gxf6 18. Nf5 O-O 19. Bh5 Nc6 20. Qg4+ 1-0

[Event "Tournoi Skype 020A"]
[Site "Skype"]
[Date "????.??.??"]
[Round "5.17"]
[White "Trivedi, Viral"]
[Black "Perrone, Gabriel Lorenzo"]
[Result "1-0"]
[WhiteElo "1619"]
[BlackElo "1453"]
[PlyCount "33"]

1. e4 e5 2. Nf3 Nc6 3. d4 d6 4. dxe5 Nxe5 5. Nxe5 dxe5 6. Qxd8+ Kxd8 7. Bc4 Ke8
8. O-O Nf6 9. Re1 Be7 10. Nc3 c6 11. Be3 Bg4 12. h3 Bh5 13. f4 Bd6 14. g4 exf4
15. Bf2 Bg6 16. e5 Kd7 17. exd6 1-0

[Event "Tournoi Skype 020A"]
[Site "Skype"]
[Date "????.??.??"]
[Round "5.18"]
[White "Khetre, Gaurav"]
[Black "Alvarez, Rafael Andres"]
[Result "1-0"]
[WhiteElo "1519"]
[BlackElo "1611"]
[PlyCount "83"]

1. d4 c6 2. c4 d5 3. Nf3 Bf5 4. Nc3 e6 5. Bf4 Nf6 6. Qb3 Qb6 7. Ne5 Nbd7 8. e3
Nxe5 9. dxe5 Nd7 10. Be2 dxc4 11. Bxc4 Be7 12. e4 Bg6 13. Rd1 Bh4 14. Qc2 Bh5
15. Rd2 Qb4 16. Bb3 Nb6 17. O-O O-O 18. f3 Be7 19. Rfd1 Nc4 20. Bxc4 Qxc4 21.
Kh1 Rad8 22. b3 Rxd2 23. Qxd2 Qa6 24. Be3 b5 25. Ne2 Qc8 26. Qd7 Rd8 27. Qxc8
Rxc8 28. Rd7 Bf8 29. Bxa7 c5 30. Nc3 b4 31. Nb5 c4 32. bxc4 Rxc4 33. h4 Rc2 34.
g4 Bg6 35. h5 Bxe4 36. fxe4 Rxa2 37. Bd4 g6 38. Rd8 Kg7 39. h6+ Kg8 40. Bc5
Ra1+ 41. Kg2 Ra2+ 42. Kf3 1-0

[Event "Tournoi Skype 020A"]
[Site "Skype"]
[Date "????.??.??"]
[Round "5.19"]
[White "Murgia, Stefano"]
[Black "Bendre, Pankaj"]
[Result "1-0"]
[WhiteElo "1681"]
[BlackElo "1545"]
[PlyCount "45"]

1. e4 c5 2. Nf3 d6 3. d4 cxd4 4. Nxd4 Nf6 5. Nc3 a6 6. Qf3 e5 7. Nf5 Nc6 8. Be3
Qc7 9. O-O-O Be6 10. a3 h5 11. Nd5 Qa5 12. Bb6 Qa4 13. Nc3 Nd4 14. Nxd4 Qd7 15.
Nxe6 Qxe6 16. Nd5 Nxd5 17. Rxd5 Qd7 18. Bc4 Rc8 19. Bb3 f6 20. Rhd1 Qc6 21. Qf5
Be7 22. Rc5 dxc5 23. Qg6+ 1-0

[Event "Tournoi Skype 020A"]
[Site "Skype"]
[Date "????.??.??"]
[Round "5.21"]
[White "Yeter, Orhan"]
[Black "Hague, Mark"]
[Result "1-0"]
[WhiteElo "1611"]
[BlackElo "1502"]
[PlyCount "43"]

1. e4 c6 2. d4 d5 3. Nc3 dxe4 4. Nxe4 Bf5 5. Ng3 Bg6 6. N1e2 h6 7. Nf4 Bh7 8.
Bc4 Nf6 9. O-O e6 10. c3 Nbd7 11. Re1 Bd6 12. d5 Bxf4 13. Bxf4 Nb6 14. Bb3 cxd5
15. Nh5 Nxh5 16. Qxh5 Bg6 17. Qh3 O-O 18. Qg3 Rc8 19. Be5 Nc4 20. Bd4 a6 21.
Bc2 Bxc2 22. Qxg7# 1-0

[Event "Tournoi Skype 020A"]
[Site "Skype"]
[Date "????.??.??"]
[Round "5.22"]
[White "Sepulveda, Lyda Marcela"]
[Black "L'Herbon De Lussats, Jean"]
[Result "1-0"]
[WhiteElo "1591"]
[BlackElo "1481"]
[PlyCount "75"]

1. e4 c5 2. Nf3 Nc6 3. d4 cxd4 4. Nxd4 e5 5. Nb5 a6 6. Nd6+ Bxd6 7. Qxd6 Nge7
8. Be2 O-O 9. O-O b5 10. Nc3 Bb7 11. Be3 Nc8 12. Qd2 d6 13. Rad1 N6e7 14. Bc5
f6 15. Bxd6 Nxd6 16. Qxd6 Qe8 17. Qd7 Bc6 18. Qe6+ Kh8 19. Rd2 Ng6 20. Rd6 Nf4
21. Qg4 Rd8 22. Rfd1 Rc8 23. Bf3 Rf7 24. g3 Ng6 25. Re6 Re7 26. Rxe7 Nxe7 27.
Bg2 Qg6 28. Qe6 Qe8 29. Ne2 a5 30. f4 Ng6 31. Qg4 Qf8 32. h4 Bb7 33. h5 Qc5+
34. Kh2 Ne7 35. Rd7 Rc7 36. Rd8+ Ng8 37. Qe6 h6 38. Qxg8# 1-0

[Event "Tournoi Skype 020A"]
[Site "Skype"]
[Date "????.??.??"]
[Round "5.23"]
[White "Sahrane, Juba"]
[Black "Yardimci, Ertan"]
[Result "1-0"]
[WhiteElo "1675"]
[BlackElo "1495"]
[PlyCount "87"]

1. e4 e5 2. Nc3 Nf6 3. f4 Nc6 4. fxe5 Nxe5 5. d4 Nc6 6. e5 Ng8 7. Nf3 d6 8. Bb5
Bd7 9. O-O a6 10. Ba4 dxe5 11. Bxc6 Bxc6 12. d5 Bd7 13. Nxe5 Nf6 14. Re1 Be7
15. Qe2 Bc5+ 16. Kh1 O-O 17. Bg5 Bd6 18. Bxf6 gxf6 19. Nxd7 Qxd7 20. Qf3 Be5
21. Re4 Kh8 22. Rh4 Rg8 23. Qh5 Rg7 24. Rf1 Qd6 25. Ne4 Qf8 26. Rxf6 Qg8 27.
Rh6 f6 28. Nxf6 Bxf6 29. Rxf6 Rxg2 30. Qxh7+ Qxh7 31. Rxh7+ Kxh7 32. Kxg2 Rg8+
33. Kf2 Kg7 34. Rf3 Rd8 35. c4 c6 36. Rd3 cxd5 37. Rxd5 Rf8+ 38. Ke3 Rf7 39. h4
Kg6 40. Ke4 Kf6 41. Rf5+ Ke6 42. Rxf7 Kxf7 43. Kd5 Ke7 44. h5 1-0

[Event "Tournoi Skype 020A"]
[Site "Skype"]
[Date "????.??.??"]
[Round "5.24"]
[White "Meaney, Mike"]
[Black "Gharbi, Said"]
[Result "0-1"]
[WhiteElo "1491"]
[BlackElo "1653"]
[PlyCount "58"]

1. d4 e5 2. d5 Nf6 3. Nc3 Bb4 4. Bd2 d6 5. a3 Bc5 6. e3 c6 7. dxc6 bxc6 8. Nf3
e4 9. Nd4 O-O 10. Be2 Re8 11. b4 Bb6 12. h3 a5 13. b5 c5 14. Nb3 d5 15. Na4 Ba7
16. Nbxc5 d4 17. b6 Bxb6 18. Nxb6 Qxb6 19. exd4 Qb2 20. c3 e3 21. fxe3 Nbd7 22.
Nb3 Ne4 23. Bc1 Qxc3+ 24. Bd2 Nxd2 25. Nxd2 Qxe3 26. Rf1 Qxd4 27. Qb3 Ne5 28.
Rd1 Nd3+ 29. Qxd3 Qxd3 0-1

[Event "Tournoi Skype 020A"]
[Site "Skype"]
[Date "????.??.??"]
[Round "5.26"]
[White "Sauvaget, Joel"]
[Black "Aranzubia, Desiderio"]
[Result "1-0"]
[WhiteElo "1580"]
[BlackElo "1565"]
[PlyCount "77"]

1. d4 d5 2. Nf3 e6 3. e3 c5 4. c4 cxd4 5. Nxd4 dxc4 6. Bxc4 a6 7. O-O Nf6 8.
Nc3 b5 9. Bb3 Bb7 10. a3 Bd6 11. h3 Qc7 12. Nf3 Nc6 13. Re1 O-O 14. e4 Rfd8 15.
Qc2 Ne5 16. Nxe5 Bxe5 17. Bg5 Bxe4 18. Nxe4 Qxc2 19. Bxc2 Rac8 20. Nc3 Bxc3 21.
bxc3 Rxc3 22. Bxf6 gxf6 23. Be4 Rdc8 24. Bb7 Rb8 25. Bf3 Rbc8 26. Red1 Kg7 27.
Rd6 a5 28. Ra6 a4 29. Be2 Rc1+ 30. Rxc1 Rxc1+ 31. Kh2 Rc3 32. Bxb5 Rxa3 33.
Rxa4 Rb3 34. Bc6 Rc3 35. Bf3 Kg6 36. Ra8 Rc7 37. Rg8+ Kh6 38. g4 f5 39. g5# 1-0

[Event "Tournoi Skype 020A"]
[Site "Skype"]
[Date "????.??.??"]
[Round "5.27"]
[White "Munoz Gonzalez, Martin"]
[Black "Mitrani, Alberto"]
[Result "*"]
[WhiteElo "1505"]
[BlackElo "1538"]
[PlyCount "94"]

1. b3 f5 2. Bb2 Nf6 3. e3 d6 4. Nf3 g6 5. c4 Bg7 6. Be2 O-O 7. O-O e5 8. Ne1
Nbd7 9. Nc3 c6 10. Qc2 Re8 11. Rb1 e4 12. d3 exd3 13. Nxd3 Ng4 14. h3 Nge5 15.
Nf4 Nc5 16. Rfd1 Nf7 17. b4 Ne4 18. Nxe4 Bxb2 19. Rxb2 fxe4 20. Rd4 Qe7 21. Bf1
g5 22. Ne2 g4 23. hxg4 Bxg4 24. Nf4 Ng5 25. Be2 Bf5 26. Qd1 Rad8 27. Rbd2 Nf7
28. Bh5 Rf8 29. Bxf7+ Rxf7 30. Rxd6 Rxd6 31. Rxd6 Qe5 32. Qd4 Qxd4 33. Rxd4 Rg7
34. Kh2 Re7 35. Ne2 Kf7 36. Ng3 Bg6 37. c5 Ke8 38. Rd6 Re5 39. Kg1 Ke7 40. Kf1
Rd5 41. Rxd5 cxd5 42. Ke2 Kd7 43. f3 Ke6 44. Kd2 exf3 45. gxf3 Bb1 46. a3 Ba2
47. Ne2 Bc4 *

[Event "Tournoi Skype 020A"]
[Site "Skype"]
[Date "????.??.??"]
[Round "6.1"]
[White "Martine, Jean-Christophe"]
[Black "Hilton, Stephen"]
[Result "1-0"]
[WhiteElo "2172"]
[BlackElo "1885"]
[PlyCount "80"]

1. d4 Nf6 2. Nd2 g6 3. e4 d6 4. Ngf3 Bg7 5. Bd3 O-O 6. O-O Nbd7 7. Re1 Nb6 8.
c3 c5 9. Qe2 cxd4 10. cxd4 Bd7 11. Nb3 Bg4 12. h3 Bxf3 13. Qxf3 Rc8 14. Bg5 h6
15. Bd2 e5 16. dxe5 dxe5 17. Bb4 Re8 18. Bb5 Nbd7 19. Red1 Bf8 20. Ba5 b6 21.
Bc3 Qe7 22. Rd2 Red8 23. Rad1 Nb8 24. Rxd8 Rxd8 25. Rxd8 Qxd8 26. Bxe5 Nfd7 27.
Bc3 Qe7 28. Qf4 Bg7 29. Nd4 Ne5 30. Qe3 a6 31. Be2 b5 32. f4 Nec6 33. e5 b4 34.
Bd2 a5 35. Bc4 Qc5 36. Nxc6 Qxc6 37. b3 Na6 38. Qa7 Qc5+ 39. Be3 Qxa7 40. Bxa7
Bf8 1-0

[Event "Tournoi Skype 020A"]
[Site "Skype"]
[Date "????.??.??"]
[Round "6.2"]
[White "Rico Hernandez, Edgar"]
[Black "Siret, Bernard"]
[Result "1/2-1/2"]
[WhiteElo "1884"]
[BlackElo "1714"]
[PlyCount "72"]

1. d4 d5 2. c4 e6 3. Nc3 c5 4. e3 Nf6 5. Nf3 cxd4 6. exd4 Be7 7. Bd3 dxc4 8.
Bxc4 O-O 9. O-O a6 10. Bg5 Nbd7 11. a4 Nb6 12. Bd3 Nbd5 13. Rc1 Bd7 14. Qe2
Nxc3 15. Rxc3 Bxa4 16. Rfc1 Nd5 17. Qe4 g6 18. Qh4 Re8 19. Bxe7 Qxe7 20. Qxe7
Rxe7 21. Rc8+ Rxc8 22. Rxc8+ Kg7 23. h4 f6 24. Rc5 Bc6 25. Bxa6 Nf4 26. Bc4
Bxf3 27. gxf3 h6 28. Kh2 g5 29. Kg3 Rd7 30. b3 Kf7 31. Rb5 Ke7 32. Rb6 Kf7 33.
hxg5 hxg5 34. Kh2 f5 35. Rb5 Kf6 36. Rb6 Ke7 1/2-1/2

[Event "Tournoi Skype 020A"]
[Site "Skype"]
[Date "????.??.??"]
[Round "6.3"]
[White "Loayza, Juan Antonio"]
[Black "Segura Lozano, Marcos Antonio"]
[Result "0-1"]
[WhiteElo "1877"]
[BlackElo "1772"]
[PlyCount "90"]

1. b3 e5 2. Bb2 d6 3. e3 g6 4. f4 Bg7 5. Nf3 Nd7 6. d3 Ngf6 7. fxe5 Ng4 8. Qd2
Ngxe5 9. Nc3 Nxf3+ 10. gxf3 Qh4+ 11. Qf2 Qxf2+ 12. Kxf2 O-O 13. h4 h5 14. Bh3
c6 15. Na4 Nf6 16. c4 Bxh3 17. Rxh3 b5 18. cxb5 cxb5 19. Nc3 Rfc8 20. Rc1 b4
21. Na4 Rxc1 22. Bxc1 Rc8 23. Bb2 Ne4+ 24. dxe4 Bxb2 25. Nxb2 Rc2+ 26. Kg3 Rxb2
27. Rh2 Rxh2 28. Kxh2 f6 29. Kg3 Kf7 30. f4 Ke6 31. Kf3 d5 32. exd5+ Kxd5 33.
Kf2 Ke4 34. Ke2 g5 35. fxg5 fxg5 36. hxg5 Kf5 37. Kf3 Kxg5 38. e4 h4 39. e5 h3
40. Kg3 h2 41. Kxh2 Kf5 42. Kg3 Kxe5 43. Kf3 Kd4 44. Ke2 Kc3 45. Ke3 Kb2 0-1

[Event "Tournoi Skype 020A"]
[Site "Skype"]
[Date "????.??.??"]
[Round "6.4"]
[White "Deville, Olivier"]
[Black "Dal, Ibrahim"]
[Result "1-0"]
[WhiteElo "2010"]
[BlackElo "1869"]
[PlyCount "61"]

1. c4 e6 2. g3 d5 3. Bg2 Nf6 4. d4 Be7 5. Nf3 O-O 6. O-O b6 7. Ne5 Bb7 8. Nc3
Nfd7 9. cxd5 Nxe5 10. dxe5 exd5 11. Nxd5 c6 12. Nxe7+ Qxe7 13. Qd6 Re8 14. Rd1
Na6 15. Bf4 c5 16. Qxe7 Rxe7 17. Bxb7 Rxb7 18. Rd6 Re7 19. Rad1 Rae8 20. g4 h6
21. Bg3 Nb4 22. a3 Na6 23. e3 Nc7 24. Rd7 Ne6 25. f4 f6 26. f5 Ng5 27. e6 Nxe6
28. fxe6 Rxe6 29. Rxa7 Rxe3 30. Rdd7 Rxg3+ 31. hxg3 1-0

[Event "Tournoi Skype 020A"]
[Site "Skype"]
[Date "????.??.??"]
[Round "6.5"]
[White "Mas, Philippe"]
[Black "Benson, Paul"]
[Result "1/2-1/2"]
[WhiteElo "1800"]
[BlackElo "2059"]
[PlyCount "53"]

1. e4 c5 2. Nf3 d6 3. d4 cxd4 4. Nxd4 Nf6 5. Nc3 a6 6. Bc4 e6 7. Bb3 Be7 8. O-O
Bd7 9. Qf3 Nc6 10. Be3 O-O 11. Qg3 Kh8 12. f4 b5 13. e5 Ne8 14. Nce2 Na5 15.
Kh1 Nxb3 16. axb3 f5 17. c3 Nc7 18. Ng1 Nd5 19. Bd2 dxe5 20. fxe5 g5 21. Ngf3
g4 22. Ng1 Bg5 23. Bxg5 Qxg5 24. Nh3 Qe3 25. Nf4 Qxg3 26. hxg3 Nc7 27. Rfd1
1/2-1/2

[Event "Tournoi Skype 020A"]
[Site "Skype"]
[Date "????.??.??"]
[Round "6.6"]
[White "Ibarra Cantu, Raul Alberto"]
[Black "Casey, Eamonn"]
[Result "1-0"]
[WhiteElo "2015"]
[BlackElo "1691"]
[PlyCount "63"]

1. e4 e6 2. d4 d5 3. Nc3 Nf6 4. e5 Nfd7 5. f4 c5 6. Nf3 a6 7. Be3 Nc6 8. Be2
Be7 9. O-O O-O 10. Qd2 cxd4 11. Nxd4 Nxd4 12. Bxd4 b5 13. Bf3 f6 14. exf6 Nxf6
15. Ne2 Bd7 16. c3 Rc8 17. Qe3 Rc6 18. Nc1 Qc7 19. Nd3 Bd6 20. g3 Be8 21. f5
exf5 22. Bxf6 gxf6 23. Bxd5+ Bf7 24. Rxf5 Bxd5 25. Rxd5 Qb6 26. Qxb6 Rxb6 27.
Re1 Kf7 28. Kg2 Re8 29. Rxe8 Kxe8 30. Kf3 Kf7 31. Nf4 Ke7 32. Rh5 1-0

[Event "Tournoi Skype 020A"]
[Site "Skype"]
[Date "????.??.??"]
[Round "6.7"]
[White "Karia, Vijay"]
[Black "Ricieri, Vinicius"]
[Result "1/2-1/2"]
[WhiteElo "1820"]
[BlackElo "1818"]
[PlyCount "102"]

1. e4 c5 2. Nc3 g6 3. f4 Bg7 4. Nf3 e6 5. d4 cxd4 6. Nxd4 Ne7 7. Bc4 Nbc6 8. e5
d5 9. Bb3 O-O 10. Be3 Bd7 11. Ncb5 Qa5+ 12. Qd2 Qxd2+ 13. Bxd2 Nxd4 14. Nxd4 a6
15. O-O Nc6 16. Be3 Na5 17. Rac1 Nxb3 18. Nxb3 Rac8 19. Nc5 Bb5 20. Rfe1 b6 21.
Nb7 Bd7 22. Nd6 Rc6 23. c4 g5 24. cxd5 Rxc1 25. Rxc1 exd5 26. Rc7 Bg4 27. g3
gxf4 28. gxf4 f6 29. Bd4 fxe5 30. Bxe5 Bxe5 31. fxe5 Bh3 32. Rc1 Rf4 33. Re1
Rg4+ 34. Kf2 Rg2+ 35. Kf3 Rxb2 36. e6 Bxe6 37. Rxe6 Rxa2 38. Nf5 Rb2 39. Re7
Rxh2 40. Ke3 a5 41. Ra7 Kf8 42. Kd4 Rd2+ 43. Ke5 h5 44. Kf6 Kg8 45. Kg6 Kf8 46.
Kxh5 Ke8 47. Nd6+ Kd8 48. Kg5 Re2 49. Kf4 d4 50. Kf3 Re6 51. Nc4 d3 1/2-1/2

[Event "Tournoi Skype 020A"]
[Site "Skype"]
[Date "????.??.??"]
[Round "6.8"]
[White "Saponara, Jose Maria"]
[Black "Lambert, Pierre"]
[Result "1-0"]
[WhiteElo "1649"]
[BlackElo "1867"]
[PlyCount "47"]

1. d4 Nf6 2. e3 d5 3. Bd3 e6 4. f4 c5 5. c3 Be7 6. Nf3 O-O 7. O-O Nbd7 8. Nbd2
Ng4 9. Qe2 f6 10. h3 Nh6 11. g4 Qc7 12. Rf2 e5 13. fxe5 fxe5 14. e4 exd4 15.
cxd4 Qg3+ 16. Rg2 Qxh3 17. exd5 Rf7 18. g5 Ng4 19. g6 hxg6 20. Bxg6 Rf6 21.
Qxe7 Rxg6 22. Ng5 Qh5 23. Qe8+ Nf8 24. Qf7+ 1-0